[Event "Haustmot TR-A"]
[Site "Reykjavik"]
[Date "2016.09.18"]
[Round "1"]
[White "Jonsson, Gauti P"]
[Black "Olafsson, Thorvadur F"]
[Result "0-1"]
[WhiteElo "2082"]
[BlackElo "2184"]
[PlyCount "78"]
[EventDate "2016.09.18"]
[EventType "tourn"]
[EventRounds "9"]
[EventCountry "ISL"]

1. Nf3 Nf6 2. c4 b6 3. d4 e6 4. g3 Ba6 5. Qc2 c5 6. d5 exd5 7. cxd5 Bd6 8. e4
O-O 9. Nc3 Re8 10. Bxa6 Nxa6 11. O-O Ng4 12. Re1 Ne5 13. Nxe5 Bxe5 14. f4 Nb4
15. Qd1 Bd4+ 16. Be3 Qf6 17. Bxd4 Qxd4+ 18. Qxd4 cxd4 19. Nb5 Nc2 20. Nc7 Nxa1
21. Rxa1 Rac8 22. Nxe8 Rxe8 23. e5 f6 24. Rd1 fxe5 25. fxe5 Rxe5 26. Rxd4 Re2
27. Ra4 a5 28. b4 Re4 29. Kf2 Kf7 30. Kf3 Rc4 31. Ke3 Kf6 32. Kd3 Rg4 33. Kc3
Ke5 34. Kb3 Kxd5 35. bxa5 Rxa4 36. Kxa4 bxa5 37. Kxa5 Kc5 38. a4 d5 39. Ka6 d4
0-1

[Event "Haustmot TR-A"]
[Site "Reykjavik"]
[Date "2016.09.18"]
[Round "1"]
[White "Loftsson, Hrafn"]
[Black "Johannesson, Ingvar Thor"]
[Result "1/2-1/2"]
[WhiteElo "2192"]
[BlackElo "2367"]
[PlyCount "47"]
[EventDate "2016.09.18"]
[EventType "tourn"]
[EventRounds "9"]
[EventCountry "ISL"]

1. d4 Nf6 2. c4 e6 3. Nf3 d5 4. g3 Bb4+ 5. Bd2 Be7 6. Qc2 O-O 7. Bg2 c6 8. O-O
Nbd7 9. Rd1 a5 10. cxd5 exd5 11. Bf4 Re8 12. Nc3 Nf8 13. Ne5 Ng6 14. Rac1 Nxf4
15. gxf4 Nh5 16. e3 g6 17. Na4 Bd6 18. Nc5 Ng7 19. Qb3 Qe7 20. Na4 Be6 21. Nc5
Bc8 22. Na4 Be6 23. Nc5 Bc8 24. Na4 1/2-1/2

[Event "Haustmot TR-A"]
[Site "Reykjavik"]
[Date "2016.09.18"]
[Round "1"]
[White "Stefansson, Vignir Vatnar"]
[Black "Johannesson, Oliver Aron"]
[Result "1/2-1/2"]
[WhiteElo "2129"]
[BlackElo "2255"]
[PlyCount "59"]
[EventDate "2016.09.18"]
[EventType "tourn"]
[EventRounds "9"]
[EventCountry "ISL"]

1. c4 e5 2. g3 Nf6 3. Bg2 h6 4. Nc3 Bb4 5. Nf3 Nc6 6. Nd5 Bc5 7. d3 O-O 8. O-O
d6 9. a3 a6 10. b4 Ba7 11. Bb2 Nxd5 12. cxd5 Ne7 13. e4 c6 14. dxc6 Nxc6 15. h3
Be6 16. Nd2 Bd4 17. Bxd4 Nxd4 18. f4 exf4 19. Rxf4 Qe7 20. Nc4 Bxc4 21. dxc4
Nc6 22. Qd5 Ne5 23. Rd1 Rfd8 24. Rf2 Rac8 25. Rd4 h5 26. Rf4 Ng6 27. Rf5 h4 28.
g4 Ne5 29. g5 b6 30. Bf1 1/2-1/2

[Event "Haustmot TR-A"]
[Site "Reykjavik"]
[Date "2016.09.18"]
[Round "1"]
[White "Ragnarsson, Dagur"]
[Black "Hardarsson, Jon Trausti"]
[Result "1/2-1/2"]
[WhiteElo "2272"]
[BlackElo "2100"]
[PlyCount "187"]
[EventDate "2016.09.18"]
[EventType "tourn"]
[EventRounds "9"]
[EventCountry "ISL"]

1. d4 d5 2. c4 c6 3. Nf3 Nf6 4. Nbd2 Bf5 5. g3 e6 6. Bg2 Nbd7 7. O-O Be7 8. b3
h6 9. Bb2 O-O 10. Ne5 a5 11. a3 Nxe5 12. dxe5 Ne4 13. cxd5 Nxd2 14. Qxd2 cxd5
15. Qe3 Qd7 16. Rfc1 Rfc8 17. Rc3 Ra6 18. Bf1 Rac6 19. Qd2 Rxc3 20. Bxc3 Qb5
21. Qb2 Qc5 22. Bd2 Qb6 23. Be3 Bc5 24. Rc1 Bxe3 25. Rxc8+ Kh7 26. Bg2 Bxf2+
27. Kh1 Bd4 28. Qd2 Bxe5 29. b4 axb4 30. axb4 Bd6 31. e4 Bxb4 32. Qe2 dxe4 33.
g4 Bg6 34. h4 e3 35. h5 Bb1 36. Qf1 f5 37. Rc1 e2 38. Qxe2 Ba3 39. Rd1 Be7 40.
Rd7 Qc5 41. Rd1 fxg4 42. Qxg4 Bf5 43. Be4 Kg8 44. Bxf5 exf5 45. Qf3 Qc6 46. Kg2
Qc2+ 47. Kh3 Qe4 48. Qxe4 fxe4 49. Kg4 e3 50. Kf3 Bc5 51. Rd8+ Kh7 52. Rb8 b6
53. Rb7 Kg8 54. Ke2 Kf8 55. Kd3 Kg8 56. Ke2 Kf8 57. Kd3 g6 58. hxg6 Kg8 59. Ke2
h5 60. Rh7 h4 61. Rxh4 Kg7 62. Rg4 Kg8 63. Kd3 Kg7 64. Rg2 b5 65. Rg5 Be7 66.
Rxb5 e2 67. Kxe2 Kxg6 68. Kf3 Kf6 69. Ke4 Ke6 70. Rb6+ Kd7 71. Kd5 Kc7 72. Re6
Bh4 73. Re2 Kb7 74. Kc5 Bg5 75. Re4 Bf6 76. Kd6 Bg5 77. Rb4+ Ka7 78. Kc7 Ka6
79. Kc6 Ka7 80. Rb5 Bf4 81. Rf5 Bh2 82. Rh5 Bg3 83. Ra5+ Kb8 84. Rf5 Bh2 85.
Rf1 Bg3 86. Kb6 Bc7+ 87. Ka6 Ka8 88. Rf7 Bb8 89. Rf2 Bc7 90. Rd2 Kb8 91. Rc2
Bd6 92. Rb2+ Ka8 93. Rb7 Bb8 94. Ra7+ 1/2-1/2

[Event "Haustmot TR-A"]
[Site "Reykjavik"]
[Date "2016.09.18"]
[Round "1"]
[White "Sigurdsson, Birkir Karl"]
[Black "Viglundsson, Bjorgvin"]
[Result "0-1"]
[WhiteElo "1900"]
[BlackElo "2185"]
[PlyCount "66"]
[EventDate "2016.09.18"]
[EventType "tourn"]
[EventRounds "9"]
[EventCountry "ISL"]

1. d4 Nf6 2. c4 e6 3. Nc3 Bb4 4. e3 O-O 5. Nge2 c6 6. a3 Ba5 7. Ng3 d5 8. cxd5
exd5 9. Bd3 Re8 10. O-O Nbd7 11. Qc2 Nf8 12. b4 Bc7 13. b5 h5 14. bxc6 bxc6 15.
Na4 h4 16. Nf5 Ne4 17. f3 Bxf5 18. fxe4 Bxe4 19. Bxe4 Rxe4 20. Qxc6 Rc8 21. Qa6
Re6 22. Qd3 Qd6 23. Rf4 Ng6 24. Bd2 Nxf4 25. exf4 Bb6 26. Rb1 Rc4 27. Nxb6 axb6
28. Rf1 Re4 29. Be3 f5 30. Rf3 Qc6 31. Qd2 Rc3 32. a4 Qc4 33. Rh3 Qb3 0-1

[Event "Haustmot TR-B"]
[Site "Reykjavik"]
[Date "2016.09.18"]
[Round "1"]
[White "Kristjansson, Halldor"]
[Black "Kristinsson, Magnus"]
[Result "0-1"]
[WhiteElo "1649"]
[BlackElo "1833"]
[PlyCount "76"]
[EventDate "2016.09.18"]
[EventType "tourn"]
[EventRounds "9"]
[EventCountry "ISL"]

1. e4 c5 2. Nf3 d6 3. d4 cxd4 4. Nxd4 Nf6 5. Nc3 g6 6. f3 Qb6 7. Bc4 Bg7 8. Nb3
Nc6 9. Qe2 a6 10. Be3 Qc7 11. O-O-O b5 12. Bd5 O-O 13. Qd2 Bb7 14. h4 h5 15.
Bh6 Rac8 16. Bxg7 Kxg7 17. Qg5 Nb4 18. Nd4 Bxd5 19. exd5 Kh7 20. g4 Qc4 21. Nb3
Nxc2 22. Kxc2 b4 23. Rd4 Qe2+ 24. Qd2 Qxf3 25. Re1 bxc3 26. bxc3 Nxg4 27. Rf4
Rxc3+ 28. Qxc3 Qxf4 29. Rxe7 Ne5 30. Nd4 Qxh4 31. Ra7 Qe4+ 32. Kb2 Qxd5 33. Rc7
Qg2+ 34. Ka3 Kg8 35. Qb3 h4 36. Ne6 Re8 37. Nf4 Qf3 38. Nxg6 Qxb3+ 0-1

[Event "Haustmot TR-B"]
[Site "Reykjavik"]
[Date "2016.09.18"]
[Round "1"]
[White "Lemery, Jon Thor"]
[Black "Briem, Stephan"]
[Result "1-0"]
[WhiteElo "1591"]
[BlackElo "1569"]
[PlyCount "151"]
[EventDate "2016.09.18"]
[EventType "tourn"]
[EventRounds "9"]
[EventCountry "ISL"]

1. e4 c5 2. Nf3 d6 3. d4 cxd4 4. Nxd4 Nf6 5. Nc3 g6 6. Be3 Bg7 7. f3 O-O 8. Qd2
Nc6 9. Bc4 Bd7 10. Bb3 Rc8 11. O-O-O Ne5 12. Kb1 Nc4 13. Bxc4 Rxc4 14. g4 b5
15. h4 h5 16. e5 dxe5 17. Nb3 Qa8 18. g5 b4 19. gxf6 bxc3 20. Qxd7 Bxf6 21. Qd5
Qc8 22. Bc5 Ra4 23. Rhg1 e6 24. Qd3 Rd8 25. Qxc3 Rxd1+ 26. Rxd1 Qa6 27. Qd3
Rxa2 28. Ba3 Rxa3 29. bxa3 Qxa3 30. Qd6 Qxd6 31. Rxd6 Bxh4 32. Nd2 Bf2 33. Ne4
Be3 34. c4 f5 35. Ng3 Kf7 36. Kc2 Kf6 37. Kd3 Bf4 38. Ne4+ fxe4+ 39. Kxe4 h4
40. c5 Ke7 41. Ra6 Kd7 42. Rd6+ Kc7 43. Rxe6 h3 44. Kd5 h2 45. Re7+ Kd8 46. Rh7
a5 47. c6 e4 48. Kxe4 g5 49. Kd3 Kc8 50. Kc4 Bg3 51. Kb5 Bf4 52. Kxa5 Bg3 53.
Kb5 Bf4 54. Kc5 Kb8 55. Kd5 Kc8 56. Ke6 Kd8 57. Kf5 Kc8 58. Kf6 Kd8 59. Ke6 Kc8
60. Kd5 Kd8 61. Kd4 Kc8 62. Kd3 Kd8 63. Ke2 Kc8 64. Kf1 Kd8 65. Kg2 Kc8 66.
Rxh2 Bxh2 67. Kxh2 g4 68. f4 Kc7 69. Kg3 Kxc6 70. Kxg4 Kd6 71. Kf5 Ke7 72. Kg6
Kf8 73. f5 Kg8 74. f6 Kh8 75. Kf7 Kh7 76. Ke8 1-0

[Event "Haustmot TR-B"]
[Site "Reykjavik"]
[Date "2016.09.18"]
[Round "1"]
[White "Mai, Aron Thor"]
[Black "Luu, Robert"]
[Result "1-0"]
[WhiteElo "1845"]
[BlackElo "1672"]
[PlyCount "75"]
[EventDate "2016.09.18"]
[EventType "tourn"]
[EventRounds "9"]
[EventCountry "ISL"]

1. e4 c6 2. d4 d5 3. Nd2 dxe4 4. Nxe4 Nf6 5. Nxf6+ exf6 6. c3 Bd6 7. Bd3 Be6 8.
Ne2 Qc7 9. Ng3 Nd7 10. O-O O-O-O 11. f4 g6 12. Ne4 f5 13. Nxd6+ Qxd6 14. b4 Nb6
15. b5 Bc4 16. a4 Qd5 17. a5 Nd7 18. Bxc4 Qxc4 19. bxc6 Qxc6 20. Ba3 Nf6 21.
Be7 Rd7 22. Bxf6 Qxf6 23. a6 b6 24. Qf3 Qd6 25. Rfe1 Qd5 26. Qd3 Rhd8 27. Re5
Qd6 28. Rae1 Qa3 29. Re8 Qd6 30. R1e5 Qc6 31. R8e7 Qd6 32. Re8 Qc6 33. R8e7 Qd6
34. Qc4+ Kb8 35. Qxf7 Rxe7 36. Rxe7 Qxf4 37. Rb7+ Kc8 38. Qe6+ 1-0

[Event "Haustmot TR-B"]
[Site "Reykjavik"]
[Date "2016.09.18"]
[Round "1"]
[White "Fridthjofsdottir, Sigurlaug"]
[Black "Mai, Alexander O"]
[Result "0-1"]
[WhiteElo "1802"]
[BlackElo "1656"]
[PlyCount "134"]
[EventDate "2016.09.18"]
[EventType "tourn"]
[EventRounds "9"]
[EventCountry "ISL"]

1. e4 c6 2. d3 d5 3. Nd2 dxe4 4. dxe4 e5 5. Ngf3 Nd7 6. g3 Ngf6 7. Bg2 Bc5 8.
O-O O-O 9. Qe2 Re8 10. Nb3 Bf8 11. Bd2 Qc7 12. Rad1 a5 13. Bg5 a4 14. Nbd2 h6
15. Bxf6 Nxf6 16. Rfe1 Be6 17. c4 a3 18. b3 Bb4 19. Rc1 Rad8 20. Red1 Qa5 21.
Nb1 Bg4 22. h3 Bxf3 23. Qxf3 Nd7 24. h4 Nc5 25. Rxd8 Rxd8 26. Rd1 Ne6 27. Rxd8+
Qxd8 28. Bf1 Qd4 29. Qe2 Qa1 30. Nxa3 Bxa3 31. Kg2 Nd4 32. Qd2 Bc1 33. Qa5 Qb2
34. Qxe5 Ne6 35. Qxb2 Bxb2 36. f4 Nd4 37. Bd3 Bc1 38. Kf2 g5 39. hxg5 hxg5 40.
fxg5 Bxg5 41. b4 Bd2 42. a3 b5 43. cxb5 cxb5 44. e5 Bc1 45. g4 Bxa3 46. Ke3 Nc6
47. Bxb5 Nxe5 48. Kf4 Ng6+ 49. Kf5 Kg7 50. Bc4 Ne7+ 51. Ke4 Bxb4 52. Bb5 f6 53.
Bd7 Kg6 54. Bb5 Kg5 55. Bd7 Ng8 56. Kf3 Nh6 57. Be6 Bd6 58. Bd7 Nf7 59. Ke4 Ne5
60. Bc8 Nxg4 61. Kf3 Ne5+ 62. Ke4 Bb4 63. Be6 Be1 64. Bc8 Kg6 65. Be6 Nf7 66.
Bf5+ Kg7 67. Be6 Ng5+ 0-1

[Event "Haustmot TR-B"]
[Site "Reykjavik"]
[Date "2016.09.18"]
[Round "1"]
[White "Magnusdottir, Veronika S"]
[Black "Hauksson, Hordur Aron"]
[Result "0-1"]
[WhiteElo "1867"]
[BlackElo "1777"]
[PlyCount "143"]
[EventDate "2016.09.18"]
[EventType "tourn"]
[EventRounds "9"]
[EventCountry "ISL"]

1. d4 d5 2. c4 c6 3. Nc3 Nf6 4. Nf3 e6 5. Bg5 Nbd7 6. e3 Qa5 7. Bxf6 Nxf6 8.
Nd2 Bd6 9. cxd5 exd5 10. Bd3 O-O 11. O-O Qd8 12. e4 dxe4 13. Ncxe4 Bc7 14.
Nxf6+ Qxf6 15. Nb3 Qh6 16. g3 Bh3 17. Re1 Be6 18. Nc5 Bd5 19. Be4 Bxe4 20. Rxe4
b6 21. Nb3 Rad8 22. Qe2 a5 23. a4 Bd6 24. Qa6 Bb4 25. Qxb6 Rb8 26. Qa6 Qg6 27.
Re2 Rfe8 28. Rxe8+ Rxe8 29. Rc1 Kf8 30. Nxa5 Qg5 31. Nb3 Qd5 32. Qc4 Re1+ 33.
Rxe1 Qxc4 34. Re3 f6 35. a5 Qb5 36. h4 Bxa5 37. Nxa5 Qxa5 38. Rc3 Qa1+ 39. Kg2
Qxb2 40. Rxc6 Qxd4 41. Rc7 Qb6 42. Rc2 Kf7 43. Rc4 Ke6 44. Rc3 Qb7+ 45. Kg1 Kf5
46. Rc4 Qb1+ 47. Kg2 h6 48. Rf4+ Ke5 49. Rc4 Qb6 50. Rg4 Qb7+ 51. Kg1 g5 52.
Rc4 Qd5 53. Rb4 Qd1+ 54. Kg2 g4 55. Rf4 h5 56. Rb4 Qf3+ 57. Kg1 f5 58. Rb5+ Kd4
59. Ra5 Qd1+ 60. Kg2 Qc2 61. Ra3 Ke5 62. Re3+ Kd4 63. Ra3 Qc6+ 64. Kh2 f4 65.
gxf4 Ke4 66. Kg3 Qb5 67. Re3+ Kd4 68. Kg2 Qf5 69. Kg3 Qf6 70. Re5 Qf7 71. Re3
Qd5 72. Re1 0-1

[Event "Haustmot TR-Open"]
[Site "Reykjavik"]
[Date "2016.09.18"]
[Round "1"]
[White "Bjarnason, Arnaldur"]
[Black "Hakonarson, Sverrir"]
[Result "1-0"]
[WhiteElo "1647"]
[BlackElo "1338"]
[PlyCount "41"]
[EventDate "2016.09.18"]
[EventType "swiss"]
[EventRounds "9"]
[EventCountry "ISL"]

1. e4 d5 2. exd5 Qxd5 3. Nc3 Qd6 4. Nf3 Bg4 5. Be2 Nf6 6. d4 e6 7. Nb5 Qd8 8.
Bf4 Nd5 9. Bg3 c6 10. Nc3 Bb4 11. O-O Bxc3 12. bxc3 Nxc3 13. Qd3 Nxe2+ 14. Qxe2
O-O 15. Rab1 b6 16. Rb3 Qd5 17. c4 Bxf3 18. Rxf3 Qxd4 19. Be5 Qg4 20. Bxg7 Nd7
21. Rg3 1-0

[Event "Haustmot TR-Open"]
[Site "Reykjavik"]
[Date "2016.09.18"]
[Round "1"]
[White "Alexandersson, Orn"]
[Black "Briem, Hedinn"]
[Result "0-1"]
[WhiteElo "1217"]
[BlackElo "1563"]
[PlyCount "88"]
[EventDate "2016.09.18"]
[EventType "swiss"]
[EventRounds "9"]
[EventCountry "ISL"]

1. d4 Nf6 2. c4 g6 3. Nc3 Bg7 4. Nf3 O-O 5. Bf4 d6 6. e3 Bf5 7. Bd3 Bxd3 8.
Qxd3 Nbd7 9. O-O Re8 10. Rad1 c5 11. Rfe1 Qb6 12. b3 e5 13. dxe5 dxe5 14. Bg5
e4 15. Qd6 exf3 16. Qxb6 Nxb6 17. gxf3 h6 18. Bf4 Nh5 19. Ne4 Nxf4 20. exf4 Bd4
21. Rxd4 cxd4 22. Nf6+ Kf8 23. Nxe8 Rxe8 24. Rd1 Rd8 25. Kf1 f5 26. Ke2 a5 27.
Rd3 a4 28. h3 axb3 29. axb3 Nc8 30. Kd2 Ne7 31. b4 Nc6 32. Rb3 d3 33. b5 Na5
34. Rxd3 Nxc4+ 35. Kc3 Rxd3+ 36. Kxd3 Nd6 37. Kc3 Nxb5+ 38. Kc4 Nd6+ 39. Kd5
Ke7 40. Kc5 b5 41. Kb4 Ke6 42. Kc5 Nc4 43. Kxb5 Nd2 44. Kc5 Nxf3 0-1

[Event "Haustmot TR-Open"]
[Site "Reykjavik"]
[Date "2016.09.18"]
[Round "1"]
[White "Vignisson, Ingvar Egill"]
[Black "Thorisson, Benedikt"]
[Result "1-0"]
[WhiteElo "1554"]
[BlackElo "1169"]
[PlyCount "27"]
[EventDate "2016.09.18"]
[EventType "swiss"]
[EventRounds "9"]
[EventCountry "ISL"]

1. e4 c5 2. Nf3 e6 3. d4 cxd4 4. Nxd4 Nc6 5. Nc3 a6 6. Be3 b5 7. Nxc6 dxc6 8.
Qxd8+ Kxd8 9. O-O-O+ Ke8 10. Bb6 Bb7 11. e5 c5 12. Nxb5 Bc6 13. Nc7+ Ke7 14.
Bxc5# 1-0

[Event "Haustmot TR-Open"]
[Site "Reykjavik"]
[Date "2016.09.18"]
[Round "1"]
[White "Baldursson, Atli Mar"]
[Black "Jonasson, Hordur"]
[Result "0-1"]
[WhiteElo "1167"]
[BlackElo "1532"]
[PlyCount "102"]
[EventDate "2016.09.18"]
[EventType "swiss"]
[EventRounds "9"]
[EventCountry "ISL"]

1. d4 Nf6 2. Nf3 g6 3. Bf4 Bg7 4. e3 d6 5. Bd3 b6 6. O-O Bb7 7. Nbd2 Nbd7 8. c3
Nh5 9. Bg3 Nxg3 10. fxg3 O-O 11. Qb3 e6 12. e4 Nf6 13. Rae1 c6 14. h3 h6 15. g4
Nh7 16. e5 d5 17. Qc2 Qe7 18. h4 c5 19. b3 cxd4 20. cxd4 Rac8 21. Qb1 Rc3 22.
h5 Ng5 23. hxg6 fxg6 24. Nxg5 Rxf1+ 25. Rxf1 Qxg5 26. Bxg6 Qxd2 27. Bh7+ Kh8
28. Qg6 Qe3+ 29. Kh2 Qg5 30. Rf7 Qh4+ 31. Kg1 Rc1+ 32. Rf1 Rxf1+ 33. Kxf1 Ba6+
34. Kg1 Qe1+ 35. Kh2 Qh4+ 36. Kg1 Qe7 37. Qc2 Qg5 38. Qg6 Qxg6 39. Bxg6 Bf8 40.
Bf7 Bc8 41. Kf2 Kg7 42. Bh5 Bb4 43. Ke3 Bc3 44. Kd3 Bb2 45. a4 Ba6+ 46. Ke3 Kf8
47. g3 Bc3 48. Bg6 Be1 49. Kf3 Kg7 50. Bc2 Bf1 51. Bb1 Bc3 0-1

[Event "Haustmot TR-Open"]
[Site "Reykjavik"]
[Date "2016.09.18"]
[Round "1"]
[White "Sigurvaldsson, Hjalmar"]
[Black "Olafsson, Arni"]
[Result "1-0"]
[WhiteElo "1485"]
[BlackElo "1156"]
[PlyCount "39"]
[EventDate "2016.09.18"]
[EventType "swiss"]
[EventRounds "9"]
[EventCountry "ISL"]

1. d4 d5 2. c4 c6 3. Nc3 Nf6 4. Nf3 e6 5. Qc2 Bd6 6. g4 Nxg4 7. Rg1 Nxh2 8.
Rxg7 Nxf3+ 9. exf3 Qf6 10. Rxh7 Rxh7 11. Qxh7 Qxf3 12. Be3 Bg3 13. Qg8+ Kd7 14.
Qxg3 Qh1 15. O-O-O Qh5 16. Bh3 Ke7 17. cxd5 Na6 18. d6+ Kf8 19. Bg2 Bd7 20. Rh1
1-0

[Event "Haustmot TR-Open"]
[Site "Reykjavik"]
[Date "2016.09.18"]
[Round "1"]
[White "Karlsson, Isak Orri"]
[Black "Ulfsson, Olafur Evert"]
[Result "0-1"]
[WhiteElo "1148"]
[BlackElo "1464"]
[PlyCount "40"]
[EventDate "2016.09.18"]
[EventType "swiss"]
[EventRounds "9"]
[EventCountry "ISL"]

1. e4 e5 2. Nf3 Nc6 3. d4 exd4 4. Nxd4 d6 5. Bc4 Nf6 6. Bg5 Be7 7. Nc3 O-O 8.
Nd5 Nxd5 9. exd5 Nxd4 10. Qxd4 Bxg5 11. h4 Re8+ 12. Be2 Qe7 13. Qd3 Bg4 14. f3
Bxh4+ 15. Kd1 Bf5 16. Qc4 b5 17. Qxb5 Rab8 18. Qc4 Rb4 19. Qxb4 Qxe2+ 20. Kc1
Qxc2# 0-1

[Event "Haustmot TR-Open"]
[Site "Reykjavik"]
[Date "2016.09.18"]
[Round "1"]
[White "Thrastarson, Tryggvi K"]
[Black "Briem, Benedikt"]
[Result "1/2-1/2"]
[WhiteElo "1450"]
[BlackElo "1093"]
[PlyCount "99"]
[EventDate "2016.09.18"]
[EventType "swiss"]
[EventRounds "9"]
[EventCountry "ISL"]

1. c4 e5 2. Nc3 Nf6 3. Qc2 d6 4. e3 Be7 5. Be2 O-O 6. Nf3 Bg4 7. O-O h6 8. b3
Nc6 9. a3 a5 10. h3 Bh5 11. Nh2 Bxe2 12. Nxe2 Qd7 13. Nc3 Rfe8 14. Bb2 Nh7 15.
Rad1 Bf6 16. Rfe1 Rab8 17. Nd5 Ne7 18. Nxf6+ Nxf6 19. d3 Qf5 20. e4 Qd7 21. Qd2
Nc6 22. f4 b6 23. f5 Rbd8 24. Qe3 Rc8 25. Rf1 Kh7 26. Qe2 Qe7 27. Ng4 Nxg4 28.
Qxg4 Qg5 29. Qxg5 hxg5 30. f6 Re6 31. fxg7 Kxg7 32. Rf5 f6 33. Rdf1 Rf8 34. Kh2
Ne7 35. R5f3 Rh8 36. Kg1 Rf8 37. Bc1 Kg6 38. g4 Rh8 39. Kg2 Nc6 40. Bb2 Rh7 41.
Bc3 Rh8 42. Rh1 Rh7 43. Kg3 Rh4 44. Rf2 Nd4 45. Bxd4 exd4 46. Kf3 c5 47. Rb2
Re7 48. b4 axb4 49. axb4 Re6 50. b5 1/2-1/2

[Event "Haustmot TR-Open"]
[Site "Reykjavik"]
[Date "2016.09.18"]
[Round "1"]
[White "Gudmundsson, Gunnar E"]
[Black "Kristjansson, Halldor Atli"]
[Result "0-1"]
[WhiteElo "1082"]
[BlackElo "1417"]
[PlyCount "84"]
[EventDate "2016.09.18"]
[EventType "swiss"]
[EventRounds "9"]
[EventCountry "ISL"]

1. d4 Nf6 2. c4 e6 3. Nc3 d5 4. e3 Nbd7 5. Qc2 c6 6. a3 Bd6 7. b3 b6 8. Bd3 Bb7
9. Nge2 Qc7 10. Ng3 O-O 11. Nce2 Rac8 12. O-O dxc4 13. bxc4 c5 14. a4 cxd4 15.
exd4 Qc6 16. f3 Ba6 17. d5 exd5 18. Nd4 Qc7 19. Nb5 Bxb5 20. axb5 dxc4 21. Be2
Qc5+ 22. Kh1 Bxg3 23. hxg3 Nd5 24. Rxa7 Qxb5 25. Qf5 N7f6 26. f4 Qb3 27. Ra3
Qb5 28. Ra2 Qc6 29. Bf3 Rfd8 30. Re2 Qa4 31. g4 Nc3 32. Qc2 Qxc2 33. Rxc2 Ncd5
34. g5 Ne8 35. Bg4 Rc5 36. Ba3 Ra5 37. Bc1 b5 38. Re2 Nec7 39. Rfe1 c3 40. Bd7
b4 41. Bc6 b3 42. Re5 b2 0-1

[Event "Haustmot TR-Open"]
[Site "Reykjavik"]
[Date "2016.09.18"]
[Round "1"]
[White "Magnusson, Thorsteinn"]
[Black "Omarsson, Adam"]
[Result "1-0"]
[WhiteElo "1415"]
[BlackElo "1065"]
[PlyCount "51"]
[EventDate "2016.09.18"]
[EventType "swiss"]
[EventRounds "9"]
[EventCountry "ISL"]

1. d4 d5 2. Bf4 Nf6 3. e3 Bf5 4. Nf3 g6 5. c4 c6 6. cxd5 cxd5 7. Qb3 Bg7 8.
Qxb7 Qb6 9. Bb5+ Nfd7 10. Bxd7+ Bxd7 11. Qxa8 O-O 12. Qxd5 Qxb2 13. Qb3 Qxa1
14. Bxb8 Ba4 15. Qb4 Qxa2 16. O-O Qc2 17. Bxa7 Rc8 18. Qxe7 Qe2 19. Bc5 Bb5 20.
Re1 Qa2 21. Nc3 Qb3 22. Qb7 Re8 23. Qxb5 Qe6 24. Ng5 Qc8 25. Nce4 h6 26. Nd6
1-0

[Event "Haustmot TR-Open"]
[Site "Reykjavik"]
[Date "2016.09.18"]
[Round "1"]
[White "Moller, Tomas"]
[Black "Davidsson, Stefan Orri"]
[Result "0-1"]
[WhiteElo "1028"]
[BlackElo "1386"]
[PlyCount "60"]
[EventDate "2016.09.18"]
[EventType "swiss"]
[EventRounds "9"]
[EventCountry "ISL"]

1. e4 e5 2. Nf3 Nc6 3. Bb5 a6 4. Ba4 Nf6 5. d3 Be7 6. c3 d6 7. h3 Be6 8. O-O
O-O 9. Nbd2 b5 10. Bc2 d5 11. Re1 Bd6 12. Qe2 h6 13. a4 Qd7 14. Qf1 Nh5 15. Nb1
f5 16. b4 fxe4 17. dxe4 Bxh3 18. gxh3 Rxf3 19. exd5 Ne7 20. Re3 Raf8 21. Rxf3
Rxf3 22. Bd1 Rxh3 23. Qg2 Rh4 24. Bxh6 Nf5 25. Qg5 Be7 26. Qg2 Nxh6 27. Nd2 Nf4
28. Qf3 Qg4+ 29. Qg3 Qg6 30. Nf3 Rg4 0-1